Compendio de historia de la música / (Registro nro. 3415)
[ vista simple ]
| 000 -LEADER | |
|---|---|
| fixed length control field | 00980nam a2200229Ia 4500 |
| 003 - CONTROL NUMBER IDENTIFIER | |
| control field | OSt |
| 005 - DATE AND TIME OF LATEST TRANSACTION | |
| control field | 20200916203039.0 |
| 008 - FIXED-LENGTH DATA ELEMENTS--GENERAL INFORMATION | |
| fixed length control field | 191128s1980 sp ac gr 000 0 spa d |
| 040 ## - CATALOGING SOURCE | |
| Original cataloging agency | CO-JMCR |
| Transcribing agency | CO-JMCR |
| 041 0# - LANGUAGE CODE | |
| Language code of text/sound track or separate title | spa |
| 082 04 - DEWEY DECIMAL CLASSIFICATION NUMBER | |
| Classification number | 780.9031 / |
| Item number | S941c |
| Edition number | 23 |
| 100 1# - MAIN ENTRY--PERSONAL NAME | |
| Personal name | Subirá, José, |
| Relator term | autor |
| 9 (RLIN) | 10317 |
| 245 10 - TITLE STATEMENT | |
| Title | Compendio de historia de la música / |
| Statement of responsibility, etc. | José Subirá |
| 260 ## - PUBLICATION, DISTRIBUTION, ETC. | |
| Place of publication, distribution, etc. | Madrid : |
| Name of publisher, distributor, etc. | Compañía Bibliográfica Española, |
| Date of publication, distribution, etc. | [1980?] |
| 300 ## - PHYSICAL DESCRIPTION | |
| Extent | 323 Páginas : |
| Other physical details | ilustraciones y retratos a blanco y negro ; |
| Dimensions | 18 cm. |
| 490 0# - SERIES STATEMENT | |
| Series statement | Fuentes ; |
| Volume/sequential designation | 9 |
| 500 ## - GENERAL NOTE | |
| General note | incluye partituras. |
| 505 0# - FORMATTED CONTENTS NOTE | |
| Formatted contents note | ¿Qué es música? -- La música en la China primitiva -- La música en el Pueblo Hebreo -- La música en los primeros siglos del Cristianismos -- Polifonía : su concepto -- La Ars Antigua -- La música en el siglo XV -- La melodía profana en la Edad Media |
| 650 14 - SUBJECT ADDED ENTRY--TOPICAL TERM | |
| Topical term or geographic name entry element | Historia de la música |
| 9 (RLIN) | 10318 |
| 650 14 - SUBJECT ADDED ENTRY--TOPICAL TERM | |
| Topical term or geographic name entry element | La música en la Historia |
| 9 (RLIN) | 10319 |
| 942 ## - ADDED ENTRY ELEMENTS (KOHA) | |
| Source of classification or shelving scheme | Dewey Decimal Classification |
| Koha item type | Books |
| Withdrawn status | Lost status | Source of classification or shelving scheme | Damaged status | Not for loan | Collection code | Home library | Current library | Date acquired | Source of acquisition | Total Checkouts | Full call number | Barcode | Date last seen | Date last checked out | Copy number | Koha item type | Public note |
|---|---|---|---|---|---|---|---|---|---|---|---|---|---|---|---|---|---|
| Dewey Decimal Classification | Non-fiction | Biblioteca Pública José María del Castillo y Rada | Biblioteca Pública José María del Castillo y Rada | 04/13/2018 | Donación | 1 | 780.9031 / S941c | 201807264 | 05/16/2024 | 11/17/2023 | Ej.1 | Books | Hojas rayadas con esfero. |